00829nam a2200205 a 450000100060000000300090000600800410001502000150005604000280007108200180009910000320011724500640014926000230021330000100023650502160024665000270046265000500048965000460053965000380058522806CO-ViMGA141112s2004 ck r 000 u spa d a9589603362 aCO-ViMGAbspacCO-ViMGA04a342.066 P373e1 aPérez Sinitabè, Luis H.10aElementos de la responsabilidad extracontractual del estado aColombia : bLeyer a128p. aSu origen y fundamentos, Evolucion de la responsabilidad estatal, Responsabilidad extracontractual del estado en colombia, Regimenes de la responsabilidad estatal, Responsabilidad por otras funciones del estado.14aDERECHO ADMINISTRATIVO14aRESPONSABILIDAD ADMINISTRATIVA - LEGISLACION 14aRESPONSABILIDAD DEL ESTADO - LEGISLACION 14aRESPONSABILIDAD EXTRACONTRACTUAL